Mágové : pátrání po tajné tradici /

Hlavní autor: Gilbert, Adrian 1949-
Jazyk: Čeština
Vydáno: Hodkovičky [Praha] : Pragma, [2005?]
Témata:
Externí odkaz: Digitalizovaný dokument
Fyzický popis: 270 s., [16] s. barev. obr. příl. : il. (některé barev.), mapy, geneal. tabulky ; 24 cm
Knihy
Uloženo v:
LEADER 02229nam a2200553 a 4500
001 nkc20051570743
003 CZ PrNK
005 20251024235007.0
007 ta
008 050607s2005 xr abfje 000 0 cze
015 |a cnb001570743 
020 |a 80-7205-198-9  |q (váz.) 
035 |a (OCoLC)85716534 
040 |a ABA001  |b cze  |d OLA001 
041 1 |a cze  |h eng 
043 |a aw----- 
072 7 |a 133  |x Ezoterismus. Okultismus  |2 Konspekt  |9 17 
080 |a 133.4-051  |2 MRF 
080 |a 133.52  |2 MRF 
080 |a 133  |2 MRF 
080 |a 27-236.5  |2 MRF 
080 |a 27-277  |2 MRF 
080 |a (5-15)  |2 MRF 
080 |a (0.062)  |2 MRF 
100 1 |a Gilbert, Adrian  |q (Adrian Geoffrey),  |d 1949-  |7 jn20000601808  |4 aut 
245 1 0 |a Mágové :  |b pátrání po tajné tradici /  |c Adrian G. Gilbert ; [z anglického originálu ... přeložila Růžena Pokorná] 
260 |a Hodkovičky [Praha] :  |b Pragma,  |c [2005?] 
300 |a 270 s., [16] s. barev. obr. příl. :  |b il. (některé barev.), mapy, geneal. tabulky ;  |c 24 cm 
600 0 7 |a Ježíš Kristus  |7 ola2002103454  |2 czenas 
600 0 9 |a Jesus Christ  |2 eczenas 
650 0 7 |a mágové  |7 ph123089  |z Blízký východ  |y starověk  |2 czenas 
650 0 7 |a astrologie  |7 ph114086  |z Blízký východ  |y starověk  |2 czenas 
650 0 7 |a okultismus  |7 ph115583  |z Blízký východ  |y starověk  |2 czenas 
650 0 7 |a biblické postavy  |7 ph118857  |x esoterické pojetí  |2 czenas 
650 0 7 |a biblická interpretace  |7 ph118847  |2 czenas 
650 0 9 |a mages  |z Near East  |y antiquity  |2 eczenas 
650 0 9 |a astrology  |z Near East  |y antiquity  |2 eczenas 
650 0 9 |a occultism  |z Near East  |y antiquity  |2 eczenas 
650 0 9 |a Bible persons  |x esoteric approach  |2 eczenas 
650 0 9 |a Biblical interpretation  |2 eczenas 
655 7 |a populárně-naučné publikace  |7 fd131864  |2 czenas 
655 9 |a popular works  |2 eczenas 
765 0 |t Magi, the quest for a secret tradition  |9 Česky 
856 4 1 |u http://www.digitalniknihovna.cz/mzk/uuid/uuid:79ac3d90-8977-11f0-9c4b-5ef3fc9bb22f  |y Digitalizovaný dokument  |x NDK 
910 2 |a BOA001  |b Z-1188.845 
990 |a BK 
995 |a 01 
991 |b 200707  |c NOV 
996 6 |b 2610315621  |c Z-1188.845  |l MZK  |r Sklad / do 24 hodin  |n 0  |p p.v.  |w 000856584  |u 000010  |a 1  |e BOA001  |j MZK50  |s P